000 00888nam a2200253 i 4500
001 8408
003 ES-MaACL
005 20230906145442.0
008 920616s1991 sp ||||1| spa d
020 _a84-320-4543-8
080 _a325.36(46)
100 1 _aPagden, Anthony.
_988260
245 1 3 _aEl imperialismo español y la imaginación política :
_bestudios sobre teoría social y política europea e hispanoamericana (1513-1830) /
_cAnthohy Pagden ; traducción de Soledad Silió.
250 _a1ª ed.
260 _aBarcelona :
_bPlaneta,
_c1991.
300 _a253 p. ;
_c21 cm.
490 1 _aMemoria de la historia ;
_v54
504 _aBibliografía: p.: 235-248.
650 4 _aImperialismo-
_zAmérica española.
_9172884
700 1 _aSilió, Soledad.
_9106344
830 1 _aMemoria de la historia ;
_v54
_9179012
852 _aES-MaACL
_jL-15811
999 _c8408
_d8408